000 00373 a2200169 4500
001 46226
020 _a978852628529-3
040 _cAnchieta - Aquarius
100 _aBraz, Júlio Emílio
240 1 0 _aMeu primeiro amor
_lpor
245 1 0 _aMeu primeiro amor
300 _a
362 0 _a0
440 1 _aScipione
650 4 _aLiteratura infanto-juvenil
942 _cBK
999 _c46226
_d46226